<?xml version="1.0" encoding="UTF-8"?><?xml-stylesheet type="text/xsl" href="static/style.xsl"?><OAI-PMH xmlns="http://www.openarchives.org/OAI/2.0/" xmlns:xsi="http://www.w3.org/2001/XMLSchema-instance" xsi:schemaLocation="http://www.openarchives.org/OAI/2.0/ http://www.openarchives.org/OAI/2.0/OAI-PMH.xsd"><responseDate>2026-06-01T22:19:24Z</responseDate><request verb="GetRecord" identifier="oai:riuma.uma.es:10630/15654" metadataPrefix="marc">https://riuma.uma.es/rest/oai/request</request><GetRecord><record><header><identifier>oai:riuma.uma.es:10630/15654</identifier><datestamp>2026-02-03T11:50:29Z</datestamp><setSpec>com_10630_2254</setSpec><setSpec>col_10630_37959</setSpec></header><metadata><record xmlns="http://www.loc.gov/MARC21/slim" xmlns:dcterms="http://purl.org/dc/terms/" xmlns:doc="http://www.lyncode.com/xoai" xmlns:xsi="http://www.w3.org/2001/XMLSchema-instance" xsi:schemaLocation="http://www.loc.gov/MARC21/slim http://www.loc.gov/standards/marcxml/schema/MARC21slim.xsd">
   <leader>00925njm 22002777a 4500</leader>
   <datafield ind2=" " ind1=" " tag="042">
      <subfield code="a">dc</subfield>
   </datafield>
   <datafield ind2=" " ind1=" " tag="720">
      <subfield code="a">García-Rojo, Patricia</subfield>
      <subfield code="e">author</subfield>
   </datafield>
   <datafield ind2=" " ind1=" " tag="260">
      <subfield code="c">2018-04-30</subfield>
   </datafield>
   <datafield ind2=" " ind1=" " tag="520">
      <subfield code="a">El pasado miércoles 18 de abril, impartí la conferencia "La escritura y la lectura LIJ" a los estudiantes del Grado en Educación Primaria, en el contexto de la asignatura troncal “Lectura y Literatura infantil”. Partiendo de la literatura infantil y juvenil que tuve a mi alcance en mi infancia y juventud, protagonizada por Las aventuras de los cinco, fuimos reflexionando sobre los temas y tópicos de la literatura infantil y juvenil y su evolución. Compartí durante la charla mis primeros trabajos en literatura juvenil fantástica y el por qué de la elección de ese género para mi actividad no sólo lectora sino también creativa, para ello comenté algunas de mis publicaciones. Charlamos también de la importancia de la lectura en los años de formación y de la labor tan importante que desempeñan los maestros como promotores y amantes de la lectura. Tras la conferencia, disfrutamos de un tiempo de diálogo en el que conversamos sobre el mundo de la edición en la LIJ y sobre el fomento de la lectura en colegios e institutos.</subfield>
   </datafield>
   <datafield ind1="8" ind2=" " tag="024">
      <subfield code="a">https://hdl.handle.net/10630/15654</subfield>
   </datafield>
   <datafield tag="653" ind2=" " ind1=" ">
      <subfield code="a">Libros infantiles y juveniles - Conferencias</subfield>
   </datafield>
   <datafield ind2="0" ind1="0" tag="245">
      <subfield code="a">La escritura y la lectura de literatura infantil y juvenil</subfield>
   </datafield>
</record>
</metadata></record></GetRecord></OAI-PMH>